000
00265nam a22001217a 4500
008
181031b xxu||||| |||| 00| 0 eng d
041
_a
eng
080
_a
321
100
_a
21
101
_a
POL
245
_a
Popular American Compioses
_c
Ewen.D
942
_2
udc
_c
BK
999
_c
51352
_d
51352